Les joueurs qui font le doublé C1/compétiton internationale - Statistiques

Statistiques générales
  • Ce quiz a été pris 64 fois
  • Le résultat moyen est 37 sur 72
Statistiques - réponses
Année Joueur % Correct
2016 Cristiano Ronaldo
93%
2018 Raphaël Varane
82%
Club Real Madrid
77%
Club Real Madrid
77%
Club Real Madrid
77%
Club Real Madrid
77%
Club Real Madrid
77%
Club Real Madrid
77%
Pays France
73%
Pays France
73%
Pays Allemagne
72%
Pays Allemagne de L'ouest
72%
Pays Allemagne de L'ouest
72%
Pays Allemagne de L'ouest
72%
Pays Allemagne de L'ouest
72%
Pays Allemagne de L'ouest
72%
Pays Allemagne de L'ouest
72%
Pays Bresil
70%
Pays Bresil
70%
Pays Bresil
70%
Pays Bresil
70%
Club FC Barcelone
70%
Club FC Barcelone
70%
Pays Portugal
70%
Pays Portugal
70%
Pays Espagne
68%
Pays Espagne
68%
Pays Espagne
68%
Club Bayern Munich
63%
Club Bayern Munich
63%
Club Bayern Munich
63%
Club Bayern Munich
63%
Club Bayern Munich
63%
Club Bayern Munich
63%
Club Liverpool
63%
Club Liverpool
63%
Club Chelsea
60%
Club Chelsea
60%
Pays Pays-Bas
57%
Pays Pays-Bas
57%
Pays Pays-Bas
57%
Pays Pays-Bas
57%
2016 Pepe
57%
1974 Gerd Müller
53%
1974 Franz Beckenbauer
50%
2019 Roberto Firmino
45%
1998 Christian Karembeu
42%
2002 Roberto Carlos
38%
2019 Fabinho
37%
2012 Fernando Torres
37%
Club Inter Milan
37%
Club Milan AC
35%
Club PSV Eindhoven
35%
Club PSV Eindhoven
35%
Club PSV Eindhoven
35%
Club PSV Eindhoven
35%
Pays Chili
32%
2014 Sami Kheidira
27%
2012 Juan Mata
25%
1964 luis suarez
23%
Pays Mexique
22%
1974 Sepp Maier
17%
2009 Rafael Marquez
15%
1988 Ronald Koeman
15%
2015 Claudio Bravo
13%
2007 Dida
13%
1974 Paul Breitner
8%
1988 Hans Van Breukelen
7%
1974 Hans-Georg Schwarzenbeck
3%
1974 Uli Hoeness
3%
1988 Berry van Aerle
2%
1988 Gerald Vanenburg
2%
Aucun quiz correspondant
Distribution des résultats
% des personnes avec chaque résultat
Percentile par nombre de réponses
Votre historique - résultats
Vous n’avez pas pris ce quiz